000 00299nam a22001217a 4500
008 171016b xxu||||| |||| 00| 0 eng d
041 _aeng
080 _a331.101.262
100 _a52
101 _aBNJ
245 _aUNDERSTANDING HUMAN BEHAVIOR IN HEALTH ILLNES
_cSIMONS.R.C
942 _2udc
_cBK
999 _c34230
_d34230